Lyrics to "Me Toca A Mí" by Morat - Statistics

General Stats
  • This quiz has been taken 66 times
  • The average score is 236 of 270
Answer Stats
Answer % Correct
a
100%
A
100%
el
100%
es
100%
la
100%
lo
100%
mas
100%
me
100%
mi?
100%
mi
100%
no
100%
No
100%
Que
100%
que
100%
qué
100%
Qué
100%
toca
100%
tu
100%
Tu
100%
un
100%
amigo
91%
con
91%
contigo
91%
corazon
91%
esta
91%
estas
91%
estoy
91%
los
91%
nunca
91%
pasa
91%
¿Por
91%
por
91%
quiero"
91%
quiero
91%
se
91%
Si
91%
si
91%
Siempre
91%
siempre
91%
Te
91%
"te
91%
te
91%
ti
91%
Y
91%
y
91%
yo
91%
Yo
91%
acercarme
82%
acero
82%
alguien
82%
ayuda
82%
capaz
82%
casa
82%
cintura
82%
da
82%
dar
82%
de
82%
decir
82%
disfrazado
82%
disimular
82%
dudas
82%
dura
82%
en
82%
feliz
82%
Fingir
82%
ganas
82%
habia
82%
he
82%
hecho
82%
juro
82%
llega
82%
llegar
82%
mano
82%
mis
82%
mitad
82%
Nada
82%
paso
82%
pedazos
82%
pensando
82%
Pero
82%
pero
82%
primer
82%
realidad
82%
recojo
82%
sido
82%
su
82%
tan
82%
tengo
82%
todo
82%
tortura
82%
tragarme
82%
veo
82%
ver
82%
Verte
82%
Vivir
82%
voy
82%
ya
82%
accidental
73%
atras
73%
beso
73%
Caerte
73%
castigo
73%
contando
73%
cualquier
73%
Decirte
73%
hay
73%
joder
73%
momento
73%
nos
73%
parezca
73%
quererte
73%
Ser
73%
solo
73%
vuelta
73%
amistad
64%
casi
64%
demos
64%
Mira
64%
nuestra
64%
Perdona
64%
pienso
64%
preguntar
64%
Puedo
64%
rompen
64%
año
55%
dime
55%
obligo
55%
pretender
55%
Tenerte
55%
vuelvo
55%
bien
45%
No matching quizzes found
Score Distribution
Percent of People with Each Score
Percentile by Number Answered
Your Score History
You have not taken this quiz